Engineering of plasmin-resistant forms of streptokinase and their production in bacillus subtilis : Streptokinase with longer functional half-life /
Đã lưu trong:
| 其他作者: | , , , |
|---|---|
| 格式: | Bài viết |
| 語言: | English |
| 主題: | |
| 標簽: |
添加標簽
沒有標簽, 成為第一個標記此記錄!
|
| Thư viện lưu trữ: | Thư viện Trường Đại học Đà Lạt |
|---|
| LEADER | 01127nam a2200361 4500 | ||
|---|---|---|---|
| 001 | DLU090091326 | ||
| 005 | ##20091201 | ||
| 040 | # | # | |a DLU |b eng |
| 041 | # | # | |a eng |
| 044 | # | # | |a us |
| 245 | # | # | |a Engineering of plasmin-resistant forms of streptokinase and their production in bacillus subtilis : Streptokinase with longer functional half-life / |c Xu-Chu Wu ... [et al.]. |
| 653 | # | # | |a Bacillus subtilis |
| 653 | # | # | |a Biological activity |
| 653 | # | # | |a Gene expression |
| 653 | # | # | |a Mutation |
| 653 | # | # | |a Recombinant protein |
| 653 | # | # | |a Resistance |
| 653 | # | # | |a Site directed mutagenesis |
| 653 | # | # | |a Streptokinase |
| 700 | # | # | |a Duan, Yanjun. |
| 700 | # | # | |a Wong, Sui-Lam. |
| 700 | # | # | |a Wu, Xu-Chu. |
| 700 | # | # | |a Ye, Ruiqiong. |
| 773 | # | # | |t Applied and Environmental Microbiology |g Vol. 64, no. 3 (March 1998), p. 824-829 |
| 920 | # | # | |a Phòng Tạp chí -- Trung tâm Thông tin - Thư viện Trường Đại học Đà Lạt |
| 994 | # | # | |a DLU |
| 900 | # | # | |a True |
| 911 | # | # | |a Trương Bảo Trâm Anh |
| 925 | # | # | |a G |
| 926 | # | # | |a A |
| 927 | # | # | |a BB |
| 980 | # | # | |a Thư viện Trường Đại học Đà Lạt |